000 00808nam a2200217Ia 4500
003 GCL
008 140319s9999 xx 000 0 ara d
040 _aGCL /
_cGCL
082 0 4 _a362.293
_bم م
100 1 _aالمجلس القومى لمكافحة وعلاج الادمان
245 1 0 _aالمخدرات اوهام اخطار حقائق /
_cالمجلس القومى لمكافحة وعلاج الادمان
250 _aالثانية
260 _aالقاهرة :
_bالمجلس القومى لمكافحة وعلاج الادمان ،
_c1999
300 _a78ص ؛
_c12 سم
650 0 4 _aالمخدرات والشباب
650 0 4 _aالمخدرات
650 0 4 _aمكافحة الادمان
650 0 4 _aالادمان
650 0 4 _aالمخدرات والمجتمع
942 _2ddc
_cBK
999 _c8635
_d8635